| 000 | 01041cam a22002771i 4500 | ||
|---|---|---|---|
| 003 | SA-RiAUC | ||
| 005 | 20241013153406.0 | ||
| 008 | 241005s2003 xxk g 00000 ara c | ||
| 020 | _a9789953211350 | ||
| 040 |
_aSA-RiAUC _bara _cSA-RiAUC _erda |
||
| 041 | 1 |
_aara _hund |
|
| 050 | 4 | _bC612 2003 | |
| 082 | 0 | 4 |
_a217.2 _qSA-RiAUC |
| 090 |
_a217.2 _bد ي ك |
||
| 100 | 1 |
_aدي كورانسي، لويس، _d1770-1832 _eمؤلف. |
|
| 245 | 1 | 2 |
_aالوهابيون : _bتاريخ ما أهمله التاريخ / _cلويس دي كورانسي ؛ ترجمة مجموعة من الباحثين. |
| 250 | _aالطبعة الأولى. | ||
| 264 | 1 |
_aلندن ؛ _aبيروت : _bرياض الريس للكتب والنشر، _c2003 |
|
| 300 |
_a206 صفحة ؛ _c20 سم |
||
| 336 |
_aنص _btxt _2rdacontent _3كتاب |
||
| 337 |
_aبدون وسيط _bn _2rdamedia |
||
| 338 |
_aمجلد _bnc _2rdacarrier |
||
| 650 | 7 |
_aالوهابية _xتاريخ _2aucsh |
|
| 942 |
_2ddc _cBOOK _n0 |
||
| 949 |
_aSA-JeALM _d241005 _umohamedma123 _n1 |
||
| 999 |
_c1135 _d1135 |
||